书目信息 |
| 题名: |
景观设计表现技法
|
|
| 作者: | 陈新生 , 李洋 编著 | |
| 分册: | ||
| 出版信息: | 合肥 合肥工业大学出版社 2006.12 |
|
| 页数: | 90页 | |
| 开本: | 28cm | |
| 丛书名: | 艺术设计表现技法丛书 | |
| 单 册: | ||
| 中图分类: | TU986.2 | |
| 科图分类: | ||
| 主题词: | 景观--jing guan--园林设计--技法 (美术) | |
| 电子资源: | ||
| ISBN: | 7-81093-504-6 | |
| 000 | 00960nam 2200265 450 | |
| 001 | 012007398552 | |
| 005 | 20071107190120.54 | |
| 010 | @a7-81093-504-6@dCNY39.00 | |
| 100 | @a20071107d2006 km y0chiy0120 ea | |
| 101 | 0 | @achi |
| 102 | @aCN@b340000 | |
| 105 | @aa z 000yy | |
| 106 | @ar | |
| 200 | 1 | @a景观设计表现技法@Ajing guan she ji biao xian ji fa@f陈新生, 李洋编著@Fchen xin sheng,li yang bian zhu |
| 210 | @a合肥@c合肥工业大学出版社@d2006.12 | |
| 215 | @a90页@c图@d28cm | |
| 225 | 2 | @a艺术设计表现技法丛书@Ayi shu she ji biao xian ji fa cong shu |
| 330 | @a全书共九章。内容包括:景观设计表现技法概述;景观要素表现技法;景观设计平面图表现技法;水彩表现技法;喷绘表现技法等。 | |
| 410 | 0 | @12001 @a艺术设计表现技法丛书 |
| 606 | 0 | @a景观@Ajing guan@x园林设计@x技法 (美术) |
| 690 | @aTU986.2@v4 | |
| 701 | 0 | @a陈新生@Achen xin sheng@4编著 |
| 701 | 0 | @a李洋@Ali yang@4编著 |
| 801 | 0 | @aCN@b@c20071107 |
| 905 | @b265820-22@dTU986.2@eC596@f3 | |
| 景观设计表现技法/陈新生, 李洋编著.-合肥:合肥工业大学出版社,2006.12 |
| 90页:图;28cm.-(艺术设计表现技法丛书) |
| ISBN 7-81093-504-6:CNY39.00 |
| 全书共九章。内容包括:景观设计表现技法概述;景观要素表现技法;景观设计平面图表现技法;水彩表现技法;喷绘表现技法等。 |
| ● |
| 相关链接 |
|
|
|
正题名:景观设计表现技法
索取号:TU986.2/C596
 
预约/预借
| 序号 | 登录号 | 条形码 | 馆藏地/架位号 | 状态 | 备注 |
| 1 | 265820 | 202658203 | 建筑库201/201建筑库 67排5列2层/ [索取号:TU986.2/C596] | 在馆 | |
| 2 | 265821 | 202658212 | 建筑库201/201建筑库 67排5列2层/ [索取号:TU986.2/C596] | 在馆 | |
| 3 | 265822 | 202658221 | 建筑库201/201建筑库 67排5列2层/ [索取号:TU986.2/C596] | 在馆 |